Statistics for Words That Rhyme With 'Jet Punk' (with cunning clues)

Click here to take the quiz!

General Stats

  • This quiz has been taken 54 times
  • The average score is 15 of 20

Answer Stats

HintRhymes for jet and punk?% Correct
When a wager has got smaller.Bet
86%
Allow someone to totally fail an exam.Let
86%
An abbot that is trained to tend to animals when they're sick.Vet
86%
Bunk
84%
Drunk
82%
Hunk
82%
A knotted-together fish-catching-device descended down through water.Net
82%
A narrow bed (immediately above another like it) in which you put a domestic animal like a cat or gerbil.Pet
80%
Had been introduced to a handsome muscley man.Met
78%
A kind of thudding clicking noise, coming from a television.Set
78%
What an elephant gets when it puts its nose into some water.Wet
78%
Flunk
76%
Trunk
76%
Become inebriated.Get
74%
Monk
72%
Sunk
70%
Shrunk
62%
Clunk
56%
A partial lump of some money that needs paying back.Debt
56%
Chunk
46%

Score Distribution

Percentile by Number Answered

Percent of People with Each Score

Your Score History

You have not taken this quiz